| 000 | 00435cam a2200169ua 4500 | ||
|---|---|---|---|
| 003 | OSt | ||
| 008 | 240215b |||||||| |||| 00| 0 eng d | ||
| 041 | _aeng | ||
| 082 |
_a631.587 _bISR/IR |
||
| 100 |
_aIsraelsen, Orson W . _91658 |
||
| 245 | _aIrrigation Principles and Practices / | ||
| 250 | _a3 / | ||
| 260 |
_aLondon : _bJohn Wiley & Sons , _c1962. |
||
| 300 | _a449 ; . | ||
| 700 | 1 |
_aHansen, Vaughn E . _91659 |
|
| 942 | _cBK | ||
| 999 |
_c13564 _d13564 |
||